| 000 | 00958nam a2200265Ia 4500 | ||
|---|---|---|---|
| 003 | OSt | ||
| 005 | 20220930075113.0 | ||
| 006 | a|||||r|||| 00| 0 | ||
| 007 | ta | ||
| 008 | 220926b |||||||| |||| 00| 0 eng d | ||
| 024 | _a78793 | ||
| 037 | _cTheses | ||
| 040 |
_aCRL _cCRL _beng |
||
| 041 |
_2eng _aeng |
||
| 100 |
_aMathur Sheenu _9535578 |
||
| 110 |
_aUniversity of Delhi. Faculty of Medical Sciences. Department of B R Ambedkar Centre _9535579 |
||
| 245 | 0 | _aUse of the active principles of withania somnifera to treat skin toxicity leading to skin carcinoma, induced by UV-radiation | |
| 260 | _c2002 | ||
| 650 | _aMEDICINE | ||
| 700 |
_a Dr Manisha Tiwari Gu. _9535580 |
||
| 700 |
_a Prof Ramesh Chandra Gu. _9532147 |
||
| 700 |
_aUniversity of Delhi. Faculty of Medical Sciences. Department of B R Ambedkar Centre _9535581 |
||
| 942 |
_cDIS _2CC |
||
| 999 |
_c867640 _d867640 |
||